Suits TV Quiz - Employees - Statistics

General Stats
  • This quiz has been taken 628 times
    570 since last reset
  • The average score is 9 of 17
Answer Stats
Answer % Correct
JP Jessica Pearson
98%
MR Mike Ross
98%
HS Harvey Specter
97%
LL Louis Litt
97%
RZ Rachel Zane
95%
DP Donna Paulsen
85%
DH Daniel Hardman
81%
KB Katrina Bennett
54%
HG Harold Gunderson
45%
DS Dana Scott
39%
JM Jeff Malone
35%
ED Edward Darby
29%
JS Jack Soloff
19%
NN Nigel Nesbitt
15%
SH Stephen Huntley
15%
KD Kyle Durant
12%
JK Jimmy Kirkwood
3%
No matching quizzes found
Score Distribution
Percent of People with Each Score
Percentile by Number Answered
Your Score History
You have not taken this quiz since the last reset